Top 10 U.S. States Without People in Manufacturing. - Statistics

General Stats
  • This quiz has been taken 22 times
  • The average score is 8 of 10
Answer Stats
% State % Correct
4.5% Alaska
94%
5.1% Florida
94%
3.0% Hawaii
94%
4.2% Wyoming
88%
4.5% Maryland
75%
5.5% Montana
75%
4.0% New Mexico
75%
5.8% New York
75%
6.5% Colorado
63%
4.7% Nevada
63%
No matching quizzes found
Score Distribution
Percent of People with Each Score
Percentile by Number Answered
Your Score History
You have not taken this quiz